Scritti Giuridici
Saved in:
| Hovedforfatter: | |
|---|---|
| Format: | Bog |
| Sprog: | italiensk |
| Udgivet: |
Milán
Cisalpino
1992
|
| Serier: | Acta et Studia, 3
|
| Fag: | |
| Tags: |
Tilføj Tag
Ingen Tags, Vær først til at tagge denne postø!
|
MARC
| LEADER | 00000nam a2200000 a 4500 | ||
|---|---|---|---|
| 001 | UCO0426 | ||
| 003 | CL-VaPUC | ||
| 008 | 000420e19920000IT |||||||||||||||||ita|d | ||
| 082 | 0 | 4 | |a 340.54 |b SCH |2 21 |
| 100 | 0 | |a Scherillo, Gaetano |e author |9 441692 | |
| 245 | 1 | 0 | |a Scritti Giuridici |
| 300 | |a v | ||
| 942 | |c BK | ||
| 945 | |d 20000420 00:00:00 |a vberengu | ||
| 260 | |a Milán |b Cisalpino |c 1992 | ||
| 500 | |a v.1: Studi Sulle Fonti | ||
| 500 | |a v.2 t.1: Studi di Diritto Romano | ||
| 500 | |a v.2 t.2: Studi di Diritto Romano | ||
| 650 | 0 | |a Derecho romano |9 255930 | |
| 650 | 0 | |a Escritos jurídicos |9 392715 | |
| 650 | 0 | |a Fuentes del derecho |9 255162 | |
| 650 | 0 | |a Jurisprudencia romana |9 393300 | |
| 583 | |a last modification |c 20000420 00:00:00 |k Rodrigo Vera | ||
| 490 | 0 | |a Acta et Studia, 3 | |
| 999 | |c 287133 |d 287131 | ||
| 952 | |0 0 |1 0 |4 0 |6 340_540000000000000_SCH_1992 |7 0 |8 A |9 333565 |a BIBDER |b BIBDER |d 2019-11-20 |h v.1 |i 3591956 |o 340.54 SCH 1992 |p 3591956 |r 2023-01-25 |w 2019-11-20 |y BK |k DER | ||
| 952 | |0 0 |1 0 |4 0 |6 340_540000000000000_SCH_1992 |7 0 |8 DER_ROM |9 333566 |a BIBDER |b BIBDER |d 2019-11-20 |h v.2t.1 |i 3591964 |o 340.54 SCH 1992 |p 3591964 |r 2023-01-25 |w 2019-11-20 |x Ubicación 4to piso |y BK |z Este recurso debe solicitarse con anticipación |k DER | ||
| 952 | |0 0 |1 0 |4 0 |6 340_540000000000000_SCH_1992 |7 0 |8 DER_ROM |9 333567 |a BIBDER |b BIBDER |d 2019-11-20 |h v.2t.2 |i 3591972 |o 340.54 SCH 1992 |p 3591972 |r 2023-01-25 |w 2019-11-20 |x Ubicación 4to piso |y BK |z Este recurso debe solicitarse con anticipación |k DER | ||